000
00227nam a2200085Ia 4500
245
0
_a
Canham : Kill the president
100
_a
BOWERY, Michael Petervale, 2006
942
_c
BK
008
210818s9999 xx 000 0 und d
999
_c
475358
_d
475357